[Event "Bad Wörishofen op 2012 28th"]
[Site "Bad Wörishofen (2.3.-10.3)"]
[Date "2012.03.06"]
[Round "5.64"]
[White "Strasser, Josef"]
[Black "Ries, Heinz-Gerd Dr"]
[Result "1/2-1/2"]
[WhiteElo "1813"]
[BlackElo "1740"]
[PlyCount "50"]
[EventDate "2012.03.??"]
[EventType "swiss"]
[EventRounds "9"]
[EventCountry "GER"]
[SourceDate "2013.02.18"]
[WhiteTeam "München SU"]
[BlackTeam "Muengersdorf SF"]

1. e4 c5 2. Nf3 d6 3. Bb5+ Bd7 4. Bxd7+ Nxd7 5. O-O e6 6. c3 Ngf6 7. Re1 Qc7 8.
d4 Be7 9. a4 h6 10. Na3 a6 11. c4 cxd4 12. Nxd4 O-O 13. f3 Rfd8 14. Be3 Rac8
15. Rc1 Ne5 16. Qb3 Nfd7 17. Red1 Nc5 18. Qc2 Qa5 19. b3 Ncd7 20. Nb1 d5 21.
exd5 exd5 22. Nf5 Bf8 23. Rxd5 Qxd5 24. cxd5 Rxc2 25. Rxc2 Nf6 1/2-1/2

[Event "Bad Wörishofen op 2012 28th"]
[Site "Bad Wörishofen (2.3.-10.3)"]
[Date "2012.03.06"]
[Round "5.65"]
[White "De Luna Butz, Alberto"]
[Black "Haugg, Gerhard(63)"]
[Result "0-1"]
[WhiteElo "1663"]
[BlackElo "1812"]
[PlyCount "100"]
[EventDate "2012.03.??"]
[EventType "swiss"]
[EventRounds "9"]
[EventCountry "GER"]
[SourceDate "2013.02.18"]
[WhiteTeam "ESP/Spanien"]
[BlackTeam "Kötz/Ichenhausen Spgem"]
[WhiteTeamCountry "ESP"]

1. d4 d5 2. Bf4 Nf6 3. e3 Bf5 4. c4 e6 5. Qb3 b6 6. Nc3 Bd6 7. Bg5 c6 8. Nf3 h6
9. Bh4 Nbd7 10. cxd5 cxd5 11. Ba6 g5 12. Bg3 Bxg3 13. hxg3 g4 14. Nh4 Be4 15.
f3 Bh7 16. O-O gxf3 17. gxf3 Nh5 18. Kf2 Rg8 19. Ne2 Qf6 20. Ng2 Qg5 21. g4 f5
22. gxh5 Qxg2+ 23. Ke1 Kf7 24. Rc1 Qh2 25. Qb5 Nf6 26. Qc6 Rae8 27. Qc7+ Qxc7
28. Rxc7+ Re7 29. Rxe7+ Kxe7 30. Nf4 Rg5 31. Kd2 Nxh5 32. Nxh5 Rxh5 33. f4 Kf6
34. Rc1 Rh2+ 35. Be2 Bg6 36. Kd3 Be8 37. Re1 Bb5+ 38. Kd2 Kg6 39. Rg1+ Kf6 40.
Re1 h5 41. Kd1 Bxe2+ 42. Rxe2 Rh1+ 43. Re1 Rh3 44. Re2 h4 45. Kd2 Kg6 46. Kc3
Kh5 47. Kb4 Kg4 48. Kb5 Kg3 49. Ka6 Rh2 50. Re1 h3 0-1

[Event "Bad Wörishofen op 2012 28th"]
[Site "Bad Wörishofen (2.3.-10.3)"]
[Date "2012.03.06"]
[Round "5.66"]
[White "Wieczorek(vm.Bruder), Heinz"]
[Black "Lochte, Szilvia"]
[Result "1-0"]
[WhiteElo "1702"]
[BlackElo "1814"]
[PlyCount "55"]
[EventDate "2012.03.??"]
[EventType "swiss"]
[EventRounds "9"]
[EventCountry "GER"]
[SourceDate "2013.02.18"]
[WhiteTeam "Nürnberg Süd SW"]
[BlackTeam "Starnberg SC"]

1. e4 c5 2. Nf3 e6 3. d4 cxd4 4. Nxd4 a6 5. a3 Nf6 6. Nc3 Qc7 7. Be2 b5 8. Bf3
Bb7 9. Qd3 d6 10. O-O Nbd7 11. Re1 Ne5 12. Qe2 Be7 13. Bf4 Nxf3+ 14. Nxf3 e5
15. Bg3 O-O 16. Rad1 Rac8 17. Rd2 Qa5 18. Nh4 g6 19. f4 Rxc3 20. bxc3 exf4 21.
Bxf4 Nxe4 22. Nf3 Nxd2 23. Qxe7 Nxf3+ 24. gxf3 Qb6+ 25. Be3 Qc6 26. Bh6 Qb6+
27. Kf1 Qd8 28. Bxf8 1-0

[Event "Bad Wörishofen op 2012 28th"]
[Site "Bad Wörishofen (2.3.-10.3)"]
[Date "2012.03.06"]
[Round "5.67"]
[White "Perlitz, Heiko"]
[Black "Goris, Ton"]
[Result "0-1"]
[WhiteElo "1540"]
[BlackElo "1943"]
[PlyCount "76"]
[EventDate "2012.03.??"]
[EventType "swiss"]
[EventRounds "9"]
[EventCountry "GER"]
[SourceDate "2013.02.18"]
[WhiteTeam "Memmingen Post SV"]
[BlackTeam "NED/Niederlande"]
[BlackTeamCountry "NED"]

1. d4 e6 2. Nf3 Nf6 3. e3 c5 4. Bd3 d5 5. c3 cxd4 6. exd4 Nc6 7. O-O Be7 8. Bg5
h6 9. Be3 O-O 10. Qd2 Ng4 11. Bf4 Bd6 12. h3 Bxf4 13. Qxf4 Nf6 14. Nbd2 b6 15.
Ne5 Bb7 16. Ndf3 Nxe5 17. Nxe5 Nd7 18. Rfe1 Nxe5 19. Rxe5 Qc7 20. Qd2 Rad8 21.
Rae1 Bc8 22. Bc2 f6 23. Rh5 Qf7 24. Rh4 f5 25. Rf4 g5 26. Rf3 Qg7 27. Rfe3 Rf6
28. Re5 Rdf8 29. f4 Rg6 30. R1e2 g4 31. h4 g3 32. R2e3 Qf6 33. h5 Rg7 34. Qe1
Qh4 35. Bd1 Qh2+ 36. Kf1 Qh1+ 37. Ke2 Qxg2+ 38. Kd3 Ba6+ 0-1

[Event "Bad Wörishofen op 2012 28th"]
[Site "Bad Wörishofen (2.3.-10.3)"]
[Date "2012.03.06"]
[Round "5.69"]
[White "Natterer, Winfried"]
[Black "Gerhards, Walter"]
[Result "1-0"]
[WhiteElo "1658"]
[BlackElo "1805"]
[PlyCount "83"]
[EventDate "2012.03.??"]
[EventType "swiss"]
[EventRounds "9"]
[EventCountry "GER"]
[SourceDate "2013.02.18"]
[WhiteTeam "Dietmannsried SC"]
[BlackTeam "Ratinger SK"]

1. e4 e5 2. Nf3 Nc6 3. Bb5 Nf6 4. O-O d6 5. Re1 Bd7 6. c3 Be7 7. d4 exd4 8.
cxd4 O-O 9. Nc3 h6 10. h3 Nh7 11. Bf4 a6 12. Bd3 Ng5 13. Be2 Bxh3 14. Bxg5 hxg5
15. gxh3 Qd7 16. Bf1 g4 17. Nh2 gxh3 18. Re3 Bf6 19. Rxh3 g6 20. Qd2 Rfe8 21.
Nf3 Bg7 22. Re1 b5 23. Nd5 Rab8 24. Qf4 Qd8 25. Re3 Nxd4 26. Nxd4 Bxd4 27. Ref3
f6 28. Qh6 Kf7 29. Qh7+ Ke6 30. Qxg6 Rg8 31. Nf4+ Kd7 32. Rh7+ Kc6 33. Rg7 Rxg7
34. Qxg7 Qe8 35. Nd5 Rb7 36. Bg2 Bxb2 37. Nxf6 Qe6 38. e5 Kb6 39. Nd7+ Ka7 40.
Rf6 Bxe5 41. Nxe5 Qxe5 42. Bxb7 1-0

[Event "Bad Wörishofen op 2012 28th"]
[Site "Bad Wörishofen (2.3.-10.3)"]
[Date "2012.03.06"]
[Round "5.70"]
[White "Walda, Michael"]
[Black "Muench, Werner"]
[Result "1-0"]
[WhiteElo "1831"]
[BlackElo "1647"]
[PlyCount "119"]
[EventDate "2012.03.??"]
[EventType "swiss"]
[EventRounds "9"]
[EventCountry "GER"]
[SourceDate "2013.02.18"]
[WhiteTeam "Niederräder TG"]
[BlackTeam "Widdern SC"]

1. e4 c5 2. Nf3 Nc6 3. c4 e6 4. Nc3 a6 5. d4 cxd4 6. Nxd4 Bc5 7. Nb3 Ba7 8. Bf4
Bb8 9. Bd6 Bxd6 10. Qxd6 Nh6 11. Be2 f6 12. Rd1 Nf7 13. Qa3 Qe7 14. c5 O-O 15.
Nb5 Rb8 16. Nd6 Nxd6 17. cxd6 Qd8 18. Qc5 b6 19. Qc3 Bb7 20. O-O Rc8 21. Qe3 f5
22. exf5 Rxf5 23. Bg4 Rf6 24. Rfe1 Nb4 25. Nd4 Nc2 26. Nxc2 Rxc2 27. Rd2 Rxd2
28. Qxd2 Qa8 29. Bh3 Rg6 30. f4 Bd5 31. g3 Rf6 32. f5 exf5 33. Re5 Be6 34. Bg2
Qb8 35. Bd5 g6 36. Bxe6+ Rxe6 37. Rxe6 dxe6 38. d7 Qd8 39. Kf2 Kf7 40. Qd6 g5
41. Ke3 g4 42. b4 h5 43. Kf4 Kf6 44. Ke3 Kf7 45. Kd4 Kf6 46. a4 a5 47. bxa5
bxa5 48. Kc5 Kf7 49. Kc6 Qa8+ 50. Kb6 Qd8+ 51. Kb7 Kf6 52. Ka7 Kf7 53. Ka6 Kf6
54. Kb5 Kf7 55. Kc4 Kf6 56. Kd4 Kf7 57. Kc5 Kf6 58. Qd4+ Kf7 59. Kc6 Kg6 60.
Qb6 1-0

[Event "Bad Wörishofen op 2012 28th"]
[Site "Bad Wörishofen (2.3.-10.3)"]
[Date "2012.03.06"]
[Round "5.71"]
[White "Koelbl, Wolfgang"]
[Black "Feicht, Roland"]
[Result "1/2-1/2"]
[WhiteElo "1896"]
[BlackElo "1565"]
[PlyCount "42"]
[EventDate "2012.03.??"]
[EventType "swiss"]
[EventRounds "9"]
[EventCountry "GER"]
[SourceDate "2013.02.18"]
[WhiteTeam "Klosterlechfeld SK"]
[BlackTeam "Augsburg Rochade SK"]

1. d4 g6 2. c4 Bg7 3. Nc3 Nc6 4. Nf3 d6 5. e4 Bg4 6. Be3 Bxf3 7. gxf3 Qd7 8. f4
e5 9. fxe5 dxe5 10. d5 Nd4 11. Bxd4 exd4 12. Nb5 c5 13. Qa4 Be5 14. h4 Kf8 15.
Bh3 Qe8 16. Qa3 b6 17. Qd3 a6 18. Na3 Nf6 19. Nb1 Nh5 20. Nd2 Nf6 21. Qf3 Kg7
1/2-1/2

[Event "Bad Wörishofen op 2012 28th"]
[Site "Bad Wörishofen (2.3.-10.3)"]
[Date "2012.03.06"]
[Round "5.72"]
[White "Fenske, Wolfgang"]
[Black "Dahmen, Juergen"]
[Result "1/2-1/2"]
[WhiteElo "1761"]
[BlackElo "1674"]
[PlyCount "25"]
[EventDate "2012.03.??"]
[EventType "swiss"]
[EventRounds "9"]
[EventCountry "GER"]
[SourceDate "2013.02.18"]
[WhiteTeam "Hamburg KSpr. SC"]
[BlackTeam "Wolfbusch SV"]

1. Nf3 c5 2. c4 b6 3. Nc3 Bb7 4. g3 Nf6 5. Bg2 a6 6. O-O Qc7 7. d3 e6 8. e4 d6
9. b3 Be7 10. Bb2 O-O 11. Qc2 Nc6 12. Ne2 Nb4 13. Qb1 1/2-1/2

[Event "Bad Wörishofen op 2012 28th"]
[Site "Bad Wörishofen (2.3.-10.3)"]
[Date "2012.03.06"]
[Round "5.73"]
[White "Rennenkampff, Juergen"]
[Black "Dietsche, Birgit"]
[Result "1-0"]
[WhiteElo "1678"]
[BlackElo "1305"]
[PlyCount "33"]
[EventDate "2012.03.??"]
[EventType "swiss"]
[EventRounds "9"]
[EventCountry "GER"]
[SourceDate "2013.02.18"]
[WhiteTeam "Trudering SC"]
[BlackTeam "DBSB (Blindenschachbund)"]

1. c4 e5 2. Nc3 Nf6 3. Nf3 Nc6 4. g3 d6 5. Bg2 Bf5 6. O-O h6 7. d3 e4 8. Nh4
Bh7 9. Nxe4 Nxe4 10. Bxe4 Rb8 11. Bg2 Be7 12. Nf3 O-O 13. Bd2 Bf6 14. Rb1 Ne5
15. Nxe5 Bxe5 16. e3 Bf6 17. Bc3 1-0

[Event "Bad Wörishofen op 2012 28th"]
[Site "Bad Wörishofen (2.3.-10.3)"]
[Date "2012.03.06"]
[Round "5.74"]
[White "Engl, Heinz"]
[Black "Mattes, Heinz Dr"]
[Result "1-0"]
[WhiteElo "2021"]
[BlackElo "1948"]
[PlyCount "51"]
[EventDate "2012.03.??"]
[EventType "swiss"]
[EventRounds "9"]
[EventCountry "GER"]
[SourceDate "2013.02.18"]
[WhiteTeam "München Blinden SC (DBSB)"]
[BlackTeam "München Siemens SK"]

1. e4 e6 2. d4 d5 3. Nc3 Nf6 4. e5 Nfd7 5. Nf3 c5 6. dxc5 Nc6 7. Bf4 Bxc5 8.
Bd3 f6 9. exf6 Nxf6 10. O-O O-O 11. Ne5 Ne4 12. Qg4 h5 13. Qxh5 Rf5 14. Nxc6
bxc6 15. Qg4 e5 16. Qg6 Rxf4 17. Bxe4 Ba6 18. Bxd5+ cxd5 19. Qxa6 Qf8 20. Qe2
Rd8 21. Rad1 Bd4 22. Rd3 Qc5 23. Nd1 e4 24. Rh3 Rd6 25. c3 Bf6 26. Qh5 1-0

[Event "Bad Wörishofen op 2012 28th"]
[Site "Bad Wörishofen (2.3.-10.3)"]
[Date "2012.03.06"]
[Round "5.75"]
[White "Lindenmair, Anton"]
[Black "Calzetta Ruiz, Monica"]
[Result "1/2-1/2"]
[WhiteElo "1975"]
[BlackElo "2294"]
[PlyCount "20"]
[EventDate "2012.03.??"]
[EventType "swiss"]
[EventRounds "9"]
[EventCountry "GER"]
[SourceDate "2013.02.18"]
[WhiteTeam "DBSB (Blindenschachbund)"]
[BlackTeam "Kiel Doppelbauer SK"]

1. d4 Nf6 2. Nf3 g6 3. c4 Bg7 4. Nc3 O-O 5. e4 d6 6. Be2 e5 7. O-O Nc6 8. d5
Ne7 9. Be3 Nd7 10. Bd3 f5 1/2-1/2

[Event "Bad Wörishofen op 2012 28th"]
[Site "Bad Wörishofen (2.3.-10.3)"]
[Date "2012.03.06"]
[Round "5.76"]
[White "Schreib, Marc"]
[Black "Pohlers, Juergen"]
[Result "1/2-1/2"]
[WhiteElo "1741"]
[BlackElo "1875"]
[PlyCount "28"]
[EventDate "2012.03.??"]
[EventType "swiss"]
[EventRounds "9"]
[EventCountry "GER"]
[SourceDate "2013.02.18"]
[WhiteTeam "Deisenhofen SF"]
[BlackTeam "Leipzig Allianz BSV(DBSB)"]

1. d4 d5 2. c4 e6 3. Nf3 Nf6 4. Nc3 c6 5. cxd5 exd5 6. Bg5 Be7 7. Qc2 Nbd7 8.
e3 h6 9. Bh4 O-O 10. Bd3 Re8 11. O-O Nf8 12. Bg3 Bd6 13. Bxd6 Qxd6 14. a3 Re7
1/2-1/2

[Event "Bad Wörishofen op 2012 28th"]
[Site "Bad Wörishofen (2.3.-10.3)"]
[Date "2012.03.06"]
[Round "5.77"]
[White "Schellmann, Frank"]
[Black "Moors, Marc"]
[Result "1-0"]
[WhiteElo "2004"]
[BlackElo "1879"]
[PlyCount "47"]
[EventDate "2012.03.??"]
[EventType "swiss"]
[EventRounds "9"]
[EventCountry "GER"]
[SourceDate "2013.02.18"]
[WhiteTeam "Halle Einheit SC"]
[BlackTeam "Brasschaat SK"]

1. e4 d5 2. exd5 Qxd5 3. Nc3 Qd6 4. d4 Nf6 5. Nf3 c6 6. Ne5 Nbd7 7. f4 Nb6 8.
g4 g6 9. Bg2 Be6 10. g5 Nh5 11. Ne4 Qc7 12. c3 Bd5 13. O-O f6 14. Nd3 O-O-O 15.
a4 Nd7 16. Be3 Kb8 17. Qc2 Bxe4 18. Bxe4 Bg7 19. b4 fxg5 20. fxg5 Rdf8 21. b5
cxb5 22. axb5 Nb6 23. Nc5 Rxf1+ 24. Rxf1 1-0

[Event "Bad Wörishofen op 2012 28th"]
[Site "Bad Wörishofen (2.3.-10.3)"]
[Date "2012.03.06"]
[Round "5.78"]
[White "Ellinger, Peter"]
[Black "Leiber, Bernard"]
[Result "1-0"]
[WhiteElo "1923"]
[BlackElo "2119"]
[PlyCount "61"]
[EventDate "2012.03.??"]
[EventType "swiss"]
[EventRounds "9"]
[EventCountry "GER"]
[SourceDate "2013.02.18"]
[WhiteTeam "Lister Turm SK(DBSB)"]
[BlackTeam "Osnabrück SV"]

1. e4 c6 2. d4 d5 3. Nc3 dxe4 4. Nxe4 Bf5 5. Ng3 Bg6 6. Nf3 Nf6 7. h4 h6 8. Ne5
Bh7 9. c3 Nbd7 10. Qb3 Nxe5 11. dxe5 Nd7 12. e6 fxe6 13. Qxb7 Ne5 14. f4 Rb8
15. Qxa7 Nd3+ 16. Bxd3 Bxd3 17. b3 Rb5 18. Be3 e5 19. fxe5 Rxe5 20. O-O-O e6
21. b4 Rd5 22. Bd4 Rd7 23. Qb6 Qxb6 24. Bxb6 Bc4 25. Rxd7 Kxd7 26. Rd1+ Ke8 27.
Rd8+ Kf7 28. Ne4 Rg8 29. Rxf8+ Rxf8 30. Nd6+ Kg6 31. Nxc4 1-0

[Event "Bad Wörishofen op 2012 28th"]
[Site "Bad Wörishofen (2.3.-10.3)"]
[Date "2012.03.06"]
[Round "5.79"]
[White "Cerusico, Carlo"]
[Black "Steinhart, Matthias"]
[Result "0-1"]
[WhiteElo "1191"]
[BlackElo "1586"]
[PlyCount "68"]
[EventDate "2012.03.??"]
[EventType "swiss"]
[EventRounds "9"]
[EventCountry "GER"]
[SourceDate "2013.02.18"]
[WhiteTeam "ITA/Italien"]
[BlackTeam "DBSB (Blindenschachbund)"]
[WhiteTeamCountry "ITA"]

1. g3 d5 2. h3 e5 3. Bg2 Nf6 4. e3 c5 5. d3 Nc6 6. Ne2 Bd6 7. b3 O-O 8. Bb2 Re8
9. Nd2 Be6 10. O-O Qd7 11. Kh2 d4 12. e4 g5 13. f3 h5 14. Nc4 Be7 15. Bc1 Nh7
16. a3 b5 17. Nb2 Rf8 18. Bd2 f5 19. exf5 Rxf5 20. g4 hxg4 21. hxg4 Rf6 22. Ng3
Rh6+ 23. Bh3 Bd6 24. Ne4 Be7 25. Qe2 Rf8 26. Rh1 Qe8 27. Raf1 Qf7 28. Ng3 Bd5
29. Rf2 Nd8 30. Kg2 Rxh3 31. Kxh3 Ne6 32. Kg2 Nf4+ 33. Bxf4 Qxf4 34. Qd2 Bxf3+
0-1

[Event "Bad Wörishofen op 2012 28th"]
[Site "Bad Wörishofen (2.3.-10.3)"]
[Date "2012.03.06"]
[Round "5.80"]
[White "Mueller, Wolfgang(10.61)"]
[Black "Funke, Joerg-Dietmar"]
[Result "1/2-1/2"]
[WhiteElo "1753"]
[BlackElo "1729"]
[PlyCount "49"]
[EventDate "2012.03.??"]
[EventType "swiss"]
[EventRounds "9"]
[EventCountry "GER"]
[SourceDate "2013.02.18"]
[WhiteTeam "Marktoberdorf SK"]
[BlackTeam "Naunhof SC"]

1. e4 e5 2. Nf3 Nc6 3. Bb5 a6 4. Ba4 Nf6 5. O-O Be7 6. Re1 d6 7. h3 O-O 8. c3
b5 9. Bc2 Re8 10. d4 Bb7 11. Bg5 h6 12. Bxf6 Bxf6 13. d5 Ne7 14. Nbd2 c5 15.
Nf1 Bc8 16. a4 Bd7 17. axb5 axb5 18. Qe2 Qb6 19. Qe3 Qb7 20. Ng3 Ng6 21. Ne2
Rxa1 22. Rxa1 Ra8 23. Rxa8+ Qxa8 24. Kh2 Qa2 25. Qc1 1/2-1/2

[Event "Bad Wörishofen op 2012 28th"]
[Site "Bad Wörishofen (2.3.-10.3)"]
[Date "2012.03.06"]
[Round "5.81"]
[White "Stoll, Katja"]
[Black "Wilms, Robert"]
[Result "1/2-1/2"]
[WhiteElo "1711"]
[BlackElo "1867"]
[PlyCount "59"]
[EventDate "2012.03.??"]
[EventType "swiss"]
[EventRounds "9"]
[EventCountry "GER"]
[SourceDate "2013.02.18"]
[WhiteTeam "Ulm Weisse Dame SC"]
[BlackTeam "Hamburg 1934 SF"]

1. e4 e6 2. d4 d5 3. exd5 exd5 4. Bd3 Nf6 5. Nf3 Bd6 6. O-O O-O 7. Bg5 Bg4 8.
h3 Bh5 9. Nbd2 Nbd7 10. c3 c6 11. Qc2 Bg6 12. Rfe1 Qc7 13. Bxg6 hxg6 14. Re2
Rfe8 15. Rae1 Rxe2 16. Rxe2 Re8 17. Rxe8+ Nxe8 18. Nb3 Nef6 19. Nfd2 Bf4 20.
Bxf4 Qxf4 21. Qd3 Qc7 22. Qe2 Kf8 23. Nc1 Nh5 24. Nd3 Nf4 25. Nxf4 Qxf4 26. Qe3
Qd6 27. Nf3 f6 28. Nh4 Kf7 29. Qg3 Qxg3 30. fxg3 1/2-1/2

[Event "Bad Wörishofen op 2012 28th"]
[Site "Bad Wörishofen (2.3.-10.3)"]
[Date "2012.03.06"]
[Round "5.82"]
[White "Reichenbacher, Gerhard"]
[Black "Taufratshofer, Martin"]
[Result "1/2-1/2"]
[WhiteElo "1733"]
[BlackElo "1854"]
[PlyCount "117"]
[EventDate "2012.03.??"]
[EventType "swiss"]
[EventRounds "9"]
[EventCountry "GER"]
[SourceDate "2013.02.18"]
[WhiteTeam "Coburger SV"]
[BlackTeam "Obergünzburg SC"]

1. c4 c5 2. g3 Nc6 3. Bg2 g6 4. Nc3 Bg7 5. a3 a5 6. d3 e5 7. e4 Nge7 8. Nge2
O-O 9. O-O d6 10. Rb1 f5 11. Bg5 h6 12. Be3 g5 13. f4 exf4 14. gxf4 g4 15. e5
Kh7 16. exd6 Qxd6 17. Nb5 Qd7 18. Bxc5 Ra6 19. d4 b6 20. Bxe7 Nxe7 21. d5 Bb7
22. Ned4 Rc8 23. Qd3 Raa8 24. Rfe1 Rf8 25. Re6 Ng6 26. Rf1 Ba6 27. Nxf5 Rf6 28.
Nxg7 Kxg7 29. Qd4 Raf8 30. Rxb6 Bxb5 31. cxb5 Qd8 32. Rb7+ Kg8 33. f5 Ne7 34.
Qxg4+ Kf7 35. Qh5+ Kg8 36. Qg4+ Kf7 37. Qc4 Kg7 38. Re1 R8f7 39. Qg4+ Kf8 40.
Qe4 Rxf5 41. Rd1 Qd6 42. Qd4 Rg7 43. Rf1 Rxf1+ 44. Kxf1 Qxh2 45. Qxg7+ Kxg7 46.
Rxe7+ Kf6 47. Re3 h5 48. b6 Qb8 49. Rb3 Qc8 50. Rc3 Qa6+ 51. Kg1 Qxb6+ 52. Kh1
Qxb2 53. Rh3 Qc1+ 54. Kh2 Qf4+ 55. Kh1 Qd4 56. Rf3+ Ke5 57. Rh3 Kd6 58. Kh2
Qf4+ 59. Kh1 1/2-1/2

[Event "Bad Wörishofen op 2012 28th"]
[Site "Bad Wörishofen (2.3.-10.3)"]
[Date "2012.03.06"]
[Round "5.83"]
[White "Bigott, Martin"]
[Black "Gajewski, Richard"]
[Result "1-0"]
[WhiteElo "1778"]
[BlackElo "1681"]
[PlyCount "119"]
[EventDate "2012.03.??"]
[EventType "swiss"]
[EventRounds "9"]
[EventCountry "GER"]
[SourceDate "2013.02.18"]
[WhiteTeam "Lohmar SF"]
[BlackTeam "Gunzenhausen FC"]

1. d4 Nf6 2. Nf3 e6 3. Bg5 Be7 4. e3 c5 5. c3 Qb6 6. Qc2 h6 7. Bh4 d5 8. Nbd2
Nc6 9. Be2 Bd7 10. Ne5 g5 11. Bg3 Rc8 12. Qb1 cxd4 13. exd4 h5 14. h3 h4 15.
Bh2 Nh5 16. Nd3 Bf6 17. Nb3 a5 18. Qd1 Ng7 19. Nbc5 Rh6 20. a4 Ke7 21. Ra3 Qa7
22. O-O Nf5 23. Bg4 Ncxd4 24. Nxd7 Kxd7 25. cxd4 Nxd4 26. Ne5+ Ke7 27. Rd3 Nc6
28. Nxc6+ bxc6 29. b3 Rch8 30. Re1 Rg8 31. Be5 Bxe5 32. Rxe5 Kd6 33. Qe1 f5 34.
Bd1 g4 35. hxg4 fxg4 36. Rde3 Qf7 37. Qxa5 g3 38. Qb4+ Kc7 39. fxg3 hxg3 40.
Bf3 Rgh8 41. Kf1 Rb8 42. Qg4 Rg6 43. Rg5 Rxg5 44. Qxg5 Rg8 45. Qe5+ Kd7 46. b4
Qe7 47. b5 Qd6 48. Qxd6+ Kxd6 49. bxc6 Rc8 50. Rc3 Rxc6 51. Rxc6+ Kxc6 52. Be2
d4 53. Bd3 e5 54. Ke2 Kb6 55. Kf3 Ka5 56. Bb5 Kb4 57. Ke4 Kc3 58. a5 Kb4 59. a6
Kxb5 60. a7 1-0

[Event "Bad Wörishofen op 2012 28th"]
[Site "Bad Wörishofen (2.3.-10.3)"]
[Date "2012.03.06"]
[Round "5.84"]
[White "Russ, Oliver(76)"]
[Black "Wiessner, Johann"]
[Result "0-1"]
[WhiteElo "1491"]
[BlackElo "1755"]
[PlyCount "42"]
[EventDate "2012.03.??"]
[EventType "swiss"]
[EventRounds "9"]
[EventCountry "GER"]
[SourceDate "2013.02.18"]
[WhiteTeam "Schwarzenberg-Raschau SG"]
[BlackTeam "Lechhausen SC"]

1. e4 c5 2. Nf3 d6 3. d4 cxd4 4. Nxd4 Nf6 5. Nc3 a6 6. Be3 e5 7. Nf3 Be7 8. Be2
b5 9. Nd5 Nbd7 10. Nxe7 Qxe7 11. Bg5 Bb7 12. Bd3 O-O 13. Qe2 Rfe8 14. O-O d5
15. exd5 e4 16. Rfe1 Bxd5 17. c4 bxc4 18. Bxc4 Qc5 19. Bxd5 exf3 20. Qxf3 Qxd5
21. Qh3 Qxg5 0-1

[Event "Bad Wörishofen op 2012 28th"]
[Site "Bad Wörishofen (2.3.-10.3)"]
[Date "2012.03.06"]
[Round "5.87"]
[White "Puetz, Peter(51)"]
[Black "Fischer, Peter(57)"]
[Result "1/2-1/2"]
[WhiteElo "1437"]
[BlackElo "1436"]
[PlyCount "31"]
[EventDate "2012.03.??"]
[EventType "swiss"]
[EventRounds "9"]
[EventCountry "GER"]
[SourceDate "2013.02.18"]
[WhiteTeam "Hennef SV"]
[BlackTeam "Memmingen Post SV"]

1. c4 e6 2. e4 d5 3. cxd5 exd5 4. e5 c5 5. d4 cxd4 6. Qxd4 Nc6 7. Bb5 g6 8.
Bxc6+ bxc6 9. Qa4 Qb6 10. Nf3 Qb4+ 11. Qxb4 Bxb4+ 12. Nbd2 Ne7 13. O-O O-O 14.
a3 Ba5 15. b4 Bb6 16. Nb3 1/2-1/2

[Event "Bad Wörishofen op 2012 28th"]
[Site "Bad Wörishofen (2.3.-10.3)"]
[Date "2012.03.06"]
[Round "5.88"]
[White "Lampert, Joshua"]
[Black "Hirstel, Serge"]
[Result "0-1"]
[WhiteElo "1504"]
[BlackElo "1768"]
[PlyCount "78"]
[EventDate "2012.03.??"]
[EventType "swiss"]
[EventRounds "9"]
[EventCountry "GER"]
[SourceDate "2013.02.18"]
[WhiteTeam "Hamburger SK"]
[BlackTeam "FRA/Frankreich"]
[BlackTeamCountry "FRA"]

1. e4 e5 2. Nf3 Nf6 3. Nxe5 d6 4. Nf3 Nxe4 5. Nc3 Nxc3 6. dxc3 Be7 7. Be3 Nc6
8. Qd2 Be6 9. O-O-O a5 10. Kb1 a4 11. Bd3 O-O 12. h4 Qc8 13. Ng5 Bf5 14. Rdg1
Ne5 15. Bxf5 Qxf5 16. Qe2 Qg4 17. f3 Qc4 18. Qxc4 Nxc4 19. Bf4 Bf6 20. Ne4 Be7
21. g4 d5 22. Ng3 c6 23. g5 Bc5 24. Rg2 Rfe8 25. h5 Re6 26. Nf5 Rae8 27. a3
Re1+ 28. Rxe1 Rxe1+ 29. Ka2 Ne3 30. Bxe3 Bxe3 31. g6 hxg6 32. hxg6 f6 33. Nxe3
Rxe3 34. Rf2 f5 35. Kb1 Re1+ 36. Ka2 Rg1 37. Re2 Rxg6 38. Kb1 Rg1+ 39. Ka2 Rf1
0-1

[Event "Bad Wörishofen op 2012 28th"]
[Site "Bad Wörishofen (2.3.-10.3)"]
[Date "2012.03.06"]
[Round "5.89"]
[White "Lang, Ludwig"]
[Black "Bangert, Ruediger"]
[Result "0-1"]
[WhiteElo "1117"]
[BlackElo "1463"]
[PlyCount "44"]
[EventDate "2012.03.??"]
[EventType "swiss"]
[EventRounds "9"]
[EventCountry "GER"]
[SourceDate "2013.02.18"]
[WhiteTeam "Bobingen SK"]
[BlackTeam "GER/Erlangen Siemens SG"]
[BlackTeamCountry "GER"]

1. e4 b6 2. g3 Bb7 3. Bg2 e6 4. d4 Nf6 5. f3 c5 6. Be3 cxd4 7. Bxd4 Nc6 8. Ne2
Nxd4 9. Nxd4 a6 10. a3 b5 11. O-O Bc5 12. Kh1 O-O 13. Nb3 Ba7 14. Na5 Qxa5 15.
b4 Qc7 16. Re1 Qe5 17. Nd2 Qc7 18. e5 Nd5 19. Ne4 Qxe5 20. Nd2 Qc7 21. Nf1 Qb6
22. Ne3 Nxe3 0-1

[Event "Bad Wörishofen op 2012 28th"]
[Site "Bad Wörishofen (2.3.-10.3)"]
[Date "2012.03.06"]
[Round "5.90"]
[White "Di Cicco, Daniela"]
[Black "Humburg, Eduard"]
[Result "1/2-1/2"]
[WhiteElo "1071"]
[BlackElo "1179"]
[PlyCount "76"]
[EventDate "2012.03.??"]
[EventType "swiss"]
[EventRounds "9"]
[EventCountry "GER"]
[SourceDate "2013.02.18"]
[WhiteTeam "ITA/Italien"]
[BlackTeam "Wolfratshausen SC"]
[WhiteTeamCountry "ITA"]

1. d4 d5 2. Bf4 Nc6 3. c3 e6 4. Nf3 Bd6 5. Bg3 Nf6 6. Nbd2 O-O 7. e3 Ne4 8.
Bxd6 Qxd6 9. Bd3 f5 10. O-O h6 11. Be2 e5 12. Qc2 exd4 13. exd4 Qf4 14. Rfe1
Nxd2 15. Qxd2 Qxd2 16. Nxd2 Re8 17. Bh5 Rxe1+ 18. Rxe1 Bd7 19. f4 Kh7 20. g3 g6
21. Bf3 Re8 22. Rxe8 Bxe8 23. Bxd5 g5 24. fxg5 hxg5 25. Be6 Kg6 26. Nf3 Kf6 27.
Bd5 b6 28. h3 Ne7 29. Bc4 g4 30. hxg4 fxg4 31. Ne5 Kg5 32. Kf2 b5 33. Be6 Nf5
34. Bxf5 Kxf5 35. Ke3 a5 36. a3 a4 37. Nd3 Bc6 38. Ne5 Bd5 1/2-1/2

[Event "Bad Wörishofen op 2012 28th"]
[Site "Bad Wörishofen (2.3.-10.3)"]
[Date "2012.03.07"]
[Round "6.4"]
[White "Pirrot, Dieter"]
[Black "Zubarev, Alexander"]
[Result "1/2-1/2"]
[WhiteElo "2316"]
[BlackElo "2571"]
[PlyCount "52"]
[EventDate "2012.03.??"]
[EventType "swiss"]
[EventRounds "9"]
[EventCountry "GER"]
[SourceDate "2013.02.18"]
[WhiteTeam "Hofheim(Taunus) SV"]
[BlackTeam "Siegburg 1919 SC"]

1. e4 c6 2. d4 d5 3. exd5 cxd5 4. c4 Nf6 5. Nc3 g6 6. Qb3 Bg7 7. cxd5 O-O 8.
Be2 Na6 9. Bf3 Qb6 10. Qxb6 axb6 11. Nge2 Nb4 12. O-O Rd8 13. d6 Rxd6 14. Bf4
Rd7 15. Rfd1 Nfd5 16. Bg3 Nxc3 17. bxc3 Nd5 18. a4 Ra6 19. Rdb1 f5 20. a5 Rxa5
21. Rxa5 bxa5 22. Rb5 e6 23. Rxa5 Kf7 24. Rc5 Ne7 25. h4 b6 26. Rb5 Ba6 1/2-1/2